| 000 | 00629nam a22002057a 4500 | ||
|---|---|---|---|
| 003 | OSt | ||
| 005 | 20140310182941.0 | ||
| 008 | 130204t xxu||||| |||| 00| 0 eng d | ||
| 020 | _a9710863118 | ||
| 050 |
_aH61.15 _bB352 2002 |
||
| 082 |
_aFIL 301.02 _bB31 2002 |
||
| 245 |
_aHandbook in social philosophy : _bwith review materials in social philosophy and philosophy of education for the LET _cBauzon, Prisciliano T. |
||
| 260 |
_aMandaluyong City : _bNational Book Store, _cc2002 |
||
| 300 |
_a209 p. _c23 cm |
||
| 521 | _aCollege | ||
| 526 | _c1210l-1700L | ||
| 541 | _j1 | ||
| 562 | _e1 | ||
| 942 |
_2lcc _cBK _kFIL |
||
| 999 |
_c17718 _d17718 |
||